Drop an H Quiz Stats

 Plays Quiz Updated Jan 19, 2018

Also try: Drop a G
Challenge
Share
Tweet
Embed
Score 0/15 Timer 03:00
1 Play Today
% Correct
ARCHING
84.8%
CASHING
84.7%
LITHE
84.6%
WRITHING
84.1%
WINCHED
80.2%
SHOCKING
78.6%
PINCHER
78.4%
SHOT
71.2%
% Correct
SOOTHED
68.4%
ROUGHED
65.5%
ECHO
51.4%
WHETHER
47.2%
FEATHER
26.3%
FRANCHISE
16%
SHERRY
13.6%

You're not logged in!

Compare scores with friends on all Sporcle quizzes.
OR
Log In

You Might Also Like...

Show Comments

Extras

Top Quizzes Today


Score Distribution

Your Account Isn't Verified!

In order to create a playlist on Sporcle, you need to verify the email address you used during registration. Go to your Sporcle Settings to finish the process.

Report this User

Report this user for behavior that violates our Community Guidelines.

Details: